MARC

LEADER 00000nam0a2200000 4500
001 115369
005 20231101215244.0
035 |a (RuTPU)RU\TPU\book\124769 
090 |a 115369 
100 |a 20070507d1980 km y0rusy50 ca 
101 0 |a rus 
102 |a GE 
105 |a a z 000zy 
200 1 |a коррозионностойкие армополимербетоны  |f Г. М. Берман, Т. И. Татишвили 
210 |a Тбилиси  |c Сабчота Сакартвело  |d 1980 
215 |a 140 с.  |c ил. 
320 |a Библиогр.: с. 135-139 
606 1 |a Полимербетон армированный  |2 stltpush  |3 (RuTPU)RU\TPU\subj\50184  |9 68924 
610 1 |a полимерные связующие 
610 1 |a наполнители 
610 1 |a состав 
610 1 |a приготовление 
610 1 |a технические свойства 
610 1 |a применение 
610 1 |a строительство 
610 1 |a коррозионная стойкость 
610 1 |a арматура 
610 1 |a механическое поведение 
610 1 |a механические нагрузки 
610 1 |a агрессивные среды 
610 1 |a долговечность 
610 1 |a прогнозирование 
675 |a 691.328:678  |v 4 
700 1 |a Берман  |b Г. М. 
701 1 |a Татишвили  |b Т. И. 
801 1 |a RU  |b 63413507  |c 20070507  |g PSBO 
801 2 |a RU  |b 63413507  |c 20210414  |g PSBO 
942 |c BK